| 000 | 01055cam a22003493a 4500 | ||
|---|---|---|---|
| 001 | 13294421 | ||
| 003 | OSt | ||
| 005 | 20140310181643.0 | ||
| 008 | 970117s1997 nyu j 000 1 eng d | ||
| 010 | _a 2003586090 | ||
| 020 | _a9780439796200 | ||
| 035 | _a(OCoLC)ocm36220884 | ||
| 040 |
_aJBL _cJBL _dSLC _dOCL _dOCLCQ _dDLC |
||
| 042 | _alccopycat | ||
| 050 | 0 | 0 |
_aPZ 7 _b.St859G52 1997 |
| 100 | 1 |
_aStine, R. L. _93762 |
|
| 245 | 1 | 0 |
_aGoosebumps : _cR.L. Stine. _bHow I learned to fly / |
| 260 |
_aNew York : _bScholastic Inc., _cc1997. |
||
| 300 |
_a123 p. ; _c19 cm. |
||
| 490 | 1 |
_aGoosebumps ; _v#52 |
|
| 521 |
_aG2 _bLexile |
||
| 526 | _c370 | ||
| 541 | _j1 | ||
| 562 | _e1 | ||
| 650 | 0 |
_aHuman locomotion _vFiction. _95772 |
|
| 655 | 7 |
_aFantasy fiction. _2gsafd _93053 |
|
| 710 | 2 |
_aCopyright Paperback Collection (Library of Congress) _5DLC _9705 |
|
| 800 | 1 |
_aStine, R. L. _tGoosebumps ; _v#52. _95773 |
|
| 906 |
_a7 _bcbc _ccopycat _d2 _encip _f20 _gy-genrareb |
||
| 942 |
_2lcc _cBK-SCHOLAS |
||
| 999 |
_c849 _d849 |
||